00413nam a2200145 a 450000500170000000800410001702000150005805000220007310000170009524500490011226000650016130000210022652100080024765000120025520140310183239.0040630s19uu xx 00 eng d a818061168x aRT 71b.N381 2003 aNeeraja, KP. aTextbook of nursing education /cKP Neeraja. aNew Delhi, India :bJaypee Brothers Medical Services,c2003. a498 p. :c23 cm. aNUR aNursing